The Cure ~ Lovesong - Statistics

General Stats
  • This quiz has been taken 107 times
  • The average score is 134 of 152
Answer Stats
Answer % Correct
I
100%
love
99%
you
99%
You
99%
always
97%
will
97%
like
91%
me
91%
feel
90%
make
90%
with
90%
again
89%
I'm
89%
am
87%
Whenever
87%
alone
84%
However
84%
away
83%
far
81%
say
79%
words
77%
long
74%
stay
74%
free
71%
young
69%
Whatever
66%
whole
66%
home
57%
fun
54%
clean
27%
the
24%
to
21%
(Fly
11%
moon)
11%
No matching quizzes found
Score Distribution
Percent of People with Each Score
Percentile by Number Answered
Your Score History
You have not taken this quiz